01382 2200385 4500001002100000005001500021035002000036007000300056008004100059020002200100040002200122082001400144084001600158245018100174850001200355264004500367336002100412337002300433338003800456300003100494856007600525852002000601500006900621100002800690650003300718700002700751700003200778700003100810700002900841700003500870700002800905440001900933990002200952990002200974INLIS00000000087415620220927015132 a0010-0922001684ta211126s2011 jkia gs ind d a978-979-22-6571-2 aYOPDYOGbinderda04223a721.2 a721.2 IME s10aSejuk dan indah dengan roster plus 30 desain menawan /cImelda Akmal, Novi Arimbi, Nadia Primasanti, Sayuri Zuwanita, Wayan Sawitri, Dita Kusumawardhani; penyunting, F. Fialita aYOPDYOG31aJakarta :bGramedia Pustaka Utama,c2011 2rdacontentateks 2rdamediaakomputer 2rdacarrierasumber sambung jaring a1 berkas komputer (10,4MB)40nPerpustakaan Digital iJogjauhttp://ijogja.id /publications/books/225788 aaplikasi iJogja aUntuk mengakses buku ini silakan unduh aplikasi http://ijogja.id0 aImelda AkmalePengarang 4aDinding--xDesain arsitektur0 aNovi ArimbiePengarang0 aNadia PrimasantiePengarang0 aSayuri ZuwanitaePengarang0 aWayan SawitriePengarang0 aDita KusumawardhaniePengarang1 aFialita, F.ePenyunting aSeri rumah ide a002993-EPD/B.2017 a002994-EPD/B.2017